<?xml version="1.0" encoding="UTF-8"?><?xml-stylesheet type="text/xsl" href="static/style.xsl"?><OAI-PMH xmlns="http://www.openarchives.org/OAI/2.0/" xmlns:xsi="http://www.w3.org/2001/XMLSchema-instance" xsi:schemaLocation="http://www.openarchives.org/OAI/2.0/ http://www.openarchives.org/OAI/2.0/OAI-PMH.xsd"><responseDate>2026-04-13T02:07:40Z</responseDate><request verb="GetRecord" identifier="oai:www.recercat.cat:2445/224217" metadataPrefix="marc">https://recercat.cat/oai/request</request><GetRecord><record><header><identifier>oai:recercat.cat:2445/224217</identifier><datestamp>2025-12-10T00:35:46Z</datestamp><setSpec>com_2072_1057</setSpec><setSpec>col_2072_478787</setSpec><setSpec>col_2072_478917</setSpec><setSpec>col_2072_478921</setSpec></header><metadata><record xmlns="http://www.loc.gov/MARC21/slim" xmlns:dcterms="http://purl.org/dc/terms/" xmlns:xsi="http://www.w3.org/2001/XMLSchema-instance" xmlns:doc="http://www.lyncode.com/xoai" xsi:schemaLocation="http://www.loc.gov/MARC21/slim http://www.loc.gov/standards/marcxml/schema/MARC21slim.xsd">
   <leader>00925njm 22002777a 4500</leader>
   <datafield ind2=" " ind1=" " tag="042">
      <subfield code="a">dc</subfield>
   </datafield>
   <datafield ind2=" " ind1=" " tag="720">
      <subfield code="a">Lecuona Ramírez, Itziar de</subfield>
      <subfield code="e">author</subfield>
   </datafield>
   <datafield ind2=" " ind1=" " tag="260">
      <subfield code="c">2025-11-10T08:20:21Z</subfield>
   </datafield>
   <datafield ind2=" " ind1=" " tag="260">
      <subfield code="c">2025-11-10T08:20:21Z</subfield>
   </datafield>
   <datafield ind2=" " ind1=" " tag="260">
      <subfield code="c">2021-06</subfield>
   </datafield>
   <datafield ind2=" " ind1=" " tag="260">
      <subfield code="c">2025-11-10T08:20:21Z</subfield>
   </datafield>
   <datafield ind2=" " ind1=" " tag="520">
      <subfield code="a">[spa] El artículo analiza los retos que plantea el uso de tecnologías emergentes y datos &#xd;
personales en investigación e innovación en salud y los cambios que, por tanto, deben &#xd;
producirse en los procesos de evaluación llevados a cabo por los comités de ética en &#xd;
investigación. La toma de decisiones basada en los datos es un compromiso político de la &#xd;
Unión Europea que incluye medicina personalizada, sistemas de salud más eficientes y &#xd;
envejecimiento activo y bienestar. La protección de las personas a través de la &#xd;
salvaguarda de sus datos personales es tarea de los comités de ética de la investigación &#xd;
en el campo de la investigación biomédica. Las pautas que se establecieron en ética de la &#xd;
investigación en personas de investigación biomédica en la sociedad analógica son en &#xd;
gran medida ineficaces en la sociedad digital. Actualmente, hemos dejado de ser &#xd;
anónimos para ser reidentificables debido a la gran cantidad de datos acumulados en &#xd;
diferentes bases de datos. El artículo analiza los principios, derechos y garantías que &#xd;
establece el Reglamento General de Protección de Datos para llegar a conclusiones y &#xd;
propuestas con el fin de establecer los requisitos que los comités de ética en investigación deben evaluar y revisar en la investigación e innovación en el ámbito biomédico para la debida protección de las personas. Además, el trabajo revisa la naturaleza y composición de los comités de ética en investigación. El objetivo es contribuir al debate doctrinal e incidir en la actividad diaria de los comités de ética en investigación.</subfield>
   </datafield>
   <datafield ind2=" " ind1=" " tag="520">
      <subfield code="a">The article analyses the challenges posed using emerging technologies and personal data in health research and innovation and the changes that must therefore occur in the evaluation processes carried out by the research ethics committees. Data-driven decision making is a political commitment of the European Union that includes personalized medicine, more efficient healthcare systems and active ageing and wellbeing. Protecting individuals through the protection of their personal data is the task of the research ethics committees in the field of biomedical research. The guidelines that were established in research ethics in biomedical research people in the analogical society are largely ineffective in the digital society. Nowadays, we have stopped being anonymous to be reidentifiable due to the vast amount of data accumulated in different databases. Thus, the article examines the principles, rights and guarantees that the General Data Protection Regulation establishes to reach conclusions and proposals in order to found the requirements that the research ethics committees must evaluate and check in research and innovation in the biomedical field for the proper protection of individuals. In addition, the work reviews the nature and composition of the research ethics committees. The goal is to contribute to the doctrinal debate and to have an impact in the daily activity of research ethics committees.</subfield>
   </datafield>
   <datafield tag="653" ind2=" " ind1=" ">
      <subfield code="a">Bioètica</subfield>
   </datafield>
   <datafield tag="653" ind2=" " ind1=" ">
      <subfield code="a">Intel·ligència artificial</subfield>
   </datafield>
   <datafield tag="653" ind2=" " ind1=" ">
      <subfield code="a">Investigació mèdica</subfield>
   </datafield>
   <datafield tag="653" ind2=" " ind1=" ">
      <subfield code="a">Protecció de dades</subfield>
   </datafield>
   <datafield tag="653" ind2=" " ind1=" ">
      <subfield code="a">Bioethics</subfield>
   </datafield>
   <datafield tag="653" ind2=" " ind1=" ">
      <subfield code="a">Artificial intelligence</subfield>
   </datafield>
   <datafield tag="653" ind2=" " ind1=" ">
      <subfield code="a">Medicine research</subfield>
   </datafield>
   <datafield tag="653" ind2=" " ind1=" ">
      <subfield code="a">Data protection</subfield>
   </datafield>
   <datafield ind2="0" ind1="0" tag="245">
      <subfield code="a">Review of biomedical research and innovation that uses emergent technologies and personal data: the challenges facing research ethics committees in a data-driven society.</subfield>
   </datafield>
   <datafield ind2="0" ind1="0" tag="245">
      <subfield code="a">Revisión de la investigación e innovación biomédica que utiliza tecnologías emergentes y datos personales: los desafíos que encaran los comités de ética de la investigación en una sociedad impulsada por los datos</subfield>
   </datafield>
</record></metadata></record></GetRecord></OAI-PMH>